The properties of gases and liquids
Збережено в:
| Автори: | , , |
|---|---|
| Формат: | Книга |
| Мова: | Англійська |
| Опубліковано: |
Nueva York
McGraw Hill
1987
|
| Редагування: | 4a. ed |
| Серія: | Chemical Engineering Series
|
| Предмети: | |
| Теги: |
Додати тег
Немає тегів, Будьте першим, хто поставить тег для цього запису!
|
MARC
| LEADER | 00000nam a2200000 a 4500 | ||
|---|---|---|---|
| 001 | UCO6555 | ||
| 003 | CL-VaPUC | ||
| 008 | 001027e19870000US |||||||||||||||||eng|d | ||
| 082 | 0 | 4 | |a 660.04 |b REI |2 21 |
| 100 | 0 | |a Reid, Robert C |e author |9 451275 | |
| 700 | 0 | |a Prausnitz, J. M |e author |9 451276 | |
| 700 | 0 | |a Poling, Bruce E |e author |9 451277 | |
| 245 | 1 | 4 | |a The properties of gases and liquids |
| 250 | |a 4a. ed | ||
| 300 | |a 741 p | ||
| 942 | |c BK | ||
| 945 | |d 20001027 00:00:00 |a vberengu | ||
| 260 | |a Nueva York |b McGraw Hill |c 1987 | ||
| 650 | 0 | |a Estados de la Materia |9 347141 | |
| 650 | 0 | |a Gases |9 260945 | |
| 650 | 0 | |a Líquidos |9 260946 | |
| 650 | 0 | |a Termodinámica |9 259320 | |
| 583 | |a last modification |c 20001027 00:00:00 |k Rodrigo Vera | ||
| 490 | 0 | |a Chemical Engineering Series | |
| 999 | |c 292042 |d 292040 | ||
| 952 | |0 0 |1 0 |4 0 |6 660_040000000000000_REI_1987 |7 0 |8 A |9 342567 |a BIBING |b BIBING |d 2019-11-20 |i 366368K |o 660.04 REI 1987 |p 366368K |r 2025-01-20 |w 2019-11-20 |y BK |k ING | ||
| 952 | |0 0 |1 0 |4 0 |6 660_040000000000000_REI_1987 |7 0 |8 A |9 342568 |a BIBING |b BIBING |d 2019-11-20 |i 3837181 |o 660.04 REI 1987 |p 3837181 |r 2025-01-20 |w 2019-11-20 |y BK |k ING | ||